000
00270nam a2200109Ia 4500
008
240624s9999 xx 000 0 und d
041
_a
eng
082
_a
658 GAJ
100
_a
GAJAVELLI V S
245
_a
READINGS IN GLOBAL BUSINESS ENVIRONMENT
260
_c
2005
_a
Nagpur
_b
IMT
999
_c
5387
_d
5387